000 00459nam a2200145Ia 4500
008 151213s9999 xx 000 0 und d
100 _aThomas L.Greenbaum
245 _aThe Consultants Manuals a Complete Guide to Building a Successful Consulting Practice
_cThomas L.Greenbaum
260 _aNew York
_bJohn Wiley & Sons
_c1990
300 _a2840 p.
650 _aConsultant Hand book
650 _aReference
700 _aThomas L.Greenbaum
999 _c1950
_d1950